[Event "Mistrzostwa Polski Mlodzikow do lat 10 - Chlopcy"]
[Site "Karpacz"]
[Date "1899-12-30"]
[Round "8.12"]
[White "Grot, Blazej"]
[Black "Filipiak, Adam"]
[Result "1-0"]
[WhiteTitle "II"]
[BlackTitle "III"]
[WhiteElo "1341"]
[BlackElo "1160"]

1. e4 d5 2. exd5 Qxd5 3. Nc3 Qa5 4. d4 c6 5. Nf3 Bg4 6. Be2 e6 7. Bd2 Qd8 8. Be3
Bb4 9. O-O Nf6 10. h3 Bh5 11. Bg5 Bxc3 12. bxc3 O-O 13. Rb1 b6 14. Ne5 Bxe2 15.
Qxe2 h6 16. Bh4 g5 17. Bg3 Nd5 18. Qh5 Kg7 19. Ng4 Rh8 20. c4 Nf4 21. Bxf4 gxf4
22. Qe5+ Kg6 23. Qxf4 Qe7 24. Ne5+ Kg7 25. Rb3 f6 26. Qg3+ Kf8 27. Ng6+ Kf7 28.
Nxe7 1-0

[Event "Mistrzostwa Polski Mlodzikow do lat 10 - Chlopcy"]
[Site "Karpacz"]
[Date "1899-12-30"]
[Round "8.13"]
[White "Jaskiewicz, Kacper"]
[Black "Krawczyk, Flawian"]
[Result "1/2-1/2"]
[WhiteTitle "II"]
[BlackTitle "II"]
[WhiteElo "1213"]
[BlackElo "1292"]

1. e4 e6 2. d4 d5 3. Nc3 Nf6 4. e5 Nfd7 5. Nce2 c5 6. c3 Nc6 7. Nf3 Qb6 8. a3 cxd4
9. cxd4 Be7 10. Nc3 a6 11. Be2 Qd8 12. Be3 O-O 13. O-O b5 14. Qd2 Bb7 15. Rfc1
Na5 16. Qd1 Nc4 17. Bxc4 bxc4 18. b4 Nb6 19. Na4 Bc6 20. Nxb6 Qxb6 21. Rcb1 Bb5
22. Bd2 Bd8 23. Bc3 Qa7 24. a4 Be8 25. b5 a5 26. Qd2 h6 27. Rb2 Bb6 28. h3 Bd7
29. Re1 Rfb8 30. Nh2 Bd8 31. Nf3 Be7 32. Ra2 Qc7 33. Re2 Qa7 34. Re1 Qc7 35. Re2
Qa7 36. Re1 Qc7 37. Re2 Qa7 38. Re1 1/2-1/2

[Event "Mistrzostwa Polski Mlodzikow do lat 10 - Chlopcy"]
[Site "Karpacz"]
[Date "1899-12-30"]
[Round "8.14"]
[White "Wolski, Michal"]
[Black "Wiszniewski, Szymon"]
[Result "0-1"]
[WhiteTitle "II"]
[BlackTitle "II"]
[WhiteElo "1165"]
[BlackElo "1270"]

1. e4 c5 2. Nf3 Nc6 3. d4 cxd4 4. Nxd4 Nf6 5. Nc3 d6 6. Be3 Ng4 7. Qd2 Nxe3 8.
Qxe3 a6 9. O-O-O e5 10. Nxc6 bxc6 11. Bc4 Be7 12. Qg3 O-O 13. h4 Be6 14. Bb3 Bxb3
15. cxb3 f5 16. Qh3 fxe4 17. Qe6+ Kh8 18. Nxe4 d5 19. Qxe5 Qe8 20. Ng5 Rxf2 21.
Qg3 Bxg5+ 22. Qxg5 Qe2 23. Rd2 Qxd2+ 24. Qxd2 Rxd2 25. Kxd2 Kg8 26. Rc1 Rc8 27.
Rc5 Kf7 28. Ra5 Ra8 29. Rc5 Rc8 30. b4 Ke6 31. Ra5 Ra8 32. Kd3 Kd6 33. Kd4 Rb8
34. a3 Rb6 35. g4 Ke6 36. Rc5 Kd6 37. Ra5 Kc7 38. Rc5 Rb5 39. Rxb5 axb5 40. b3
Kb6 41. a4 Ka6 42. a5 Kb7 43. h5 h6 44. Kc5 Kc7 45. Kd4 Kd6 46. a6 Kc7 47. Kc5
Kb8 48. Kd4 Ka7 49. Kc5 Kxa6 50. Kd4 Kb6 51. Ke5 Kc7 52. Kd4 Kd6 53. Kd3 Ke5 0-1

[Event "Mistrzostwa Polski Mlodzikow do lat 10 - Chlopcy"]
[Site "Karpacz"]
[Date "1899-12-30"]
[Round "8.15"]
[White "Jendrowiak, Maciej"]
[Black "Trzebinski, Patryk"]
[Result "1-0"]
[WhiteTitle "III"]
[BlackTitle "II"]
[WhiteElo "1143"]
[BlackElo "1293"]

1. d4 c6 2. c4 d5 3. cxd5 cxd5 4. Nc3 Bf5 5. Bf4 Nc6 6. Nf3 e6 7. a3 Nf6 8. Qb3
Qb6 9. Qxb6 axb6 10. e3 Be7 11. Bb5 O-O 12. Na4 Ra5 13. Nc3 Bb4 14. Bxc6 Bxc3+
15. bxc3 bxc6 16. O-O Ne4 17. Rfc1 Bg4 18. Ne5 Be2 19. Nxc6 Raa8 20. f3 Nd2 21.
Kf2 Bc4 22. Rc2 Nb3 23. Re1 Kh8 24. h3 Rfc8 25. Ne7 Re8 26. Bd6 b5 27. Bb4 h6
28. Nc6 Kh7 29. Rb2 Ra6 30. Ne5 f6 31. Nd7 Kg6 32. Reb1 Rd8 33. Nc5 Nxc5 34. Bxc5
Kf5 35. g4+ Kg6 36. Ra1 Rc8 37. Kg3 f5 38. Rb4 Rca8 39. h4 Kf6 40. Kf4 Rg8 41.
g5+ hxg5+ 42. hxg5+ Kf7 43. Ke5 Rh8 44. Rb2 Raa8 45. Rg1 g6 46. Rgg2 Rh3 47. Rh2
Rah8 48. Rxh3 Rxh3 49. Kf4 Rh4+ 50. Kg3 Rh5 51. f4 Bf1 52. Rh2 Ke8 53. Rxh5 gxh5
54. g6 Be2 55. Kh4 Bf3 56. Kg5 Be2 57. Kf6 h4 58. g7 h3 59. g8=Q+ Kd7 60. Qf7+
Kc6 61. Kxe6 Bh5 62. Qd7# 1-0

[Event "Mistrzostwa Polski Mlodzikow do lat 10 - Chlopcy"]
[Site "Karpacz"]
[Date "1899-12-30"]
[Round "8.16"]
[White "Seemann, Jakub"]
[Black "Baszczynski, Gabriel"]
[Result "0-1"]
[WhiteTitle "II+"]
[BlackTitle "III"]
[WhiteElo "1395"]
[BlackElo "1059"]

1. e4 c5 2. Nc3 Nc6 3. f4 e6 4. Nf3 d5 5. e5 a6 6. a4 Nge7 7. Be2 Nf5 8. O-O Qb6
9. Kh1 Be7 10. Qe1 Ncd4 11. Bd1 Bd7 12. g4 Nxf3 13. Bxf3 Nd4 14. Bd1 O-O 15. Ne2
Nxe2 16. Bxe2 Bc6 17. Qg3 Rac8 18. f5 d4+ 19. Bf3 Bxf3+ 20. Rxf3 Qc6 21. Kg1 f6
22. Rf1 exf5 23. gxf5 fxe5 24. Qxe5 Qd6 25. Qxd6 Bxd6 26. d3 Rf7 27. Bf4 Be7 28.
Rae1 Rcf8 29. Rxe7 Rxe7 30. Bd6 Rd7 31. Bxf8 Kxf8 32. Kf2 Rf7 33. Kg3 Ke7 34.
Kf4 Kf6 35. Kg4 Re7 36. Rf2 Re5 37. h4 h5+ 38. Kxh5 Rxf5+ 39. Rxf5+ Kxf5 40. a5
Kf6 41. Kg4 g6 42. Kf4 Ke6 43. b3 Kf6 44. Kg4 Ke6 45. Kg5 Kf7 46. h5 gxh5 47.
Kxh5 Ke6 48. Kg6 Kd5 49. Kf5 Kc6 50. Ke6 Kb5 51. Kd6 b6 52. axb6 Kxb6 53. Ke5
Kb5 54. Kd5 Kb4 55. Kc6 a5 56. Kb6 Kc3 57. Kxc5 Kxc2 58. Kxd4 Kxb3 59. Kc5 a4
60. d4 a3 61. d5 a2 62. d6 a1=Q 63. Kc6 Qa7 64. d7 Qb8 65. Kd5 Qd8 66. Kd6 Kc4
67. Kc6 Kb4 68. Kd6 Ka5 69. Kc6 Ka6 70. Kd6 Kb6 71. Ke6 Kc6 72. Kf5 Kxd7 73. Kg6
Ke6 74. Kg7 Qg5+ 75. Kf8 Qg4 76. Ke8 Qg8# 0-1

[Event "Mistrzostwa Polski Mlodzikow do lat 10 - Chlopcy"]
[Site "Karpacz"]
[Date "1899-12-30"]
[Round "8.17"]
[White "Kopaniewski, Wojciech"]
[Black "Sniadecki, Oskar"]
[Result "1-0"]
[WhiteTitle "II"]
[BlackTitle "III"]
[WhiteElo "1370"]
[BlackElo "1196"]

1. e4 c5 2. Nf3 Nc6 3. d4 cxd4 4. Nxd4 e5 5. Nb3 Nf6 6. Nc3 Bb4 7. f3 d6 8. Bc4
Be6 9. Be2 Nd4 10. Nxd4 exd4 11. Qxd4 a5 12. Be3 O-O 13. O-O Rc8 14. Kh1 Nd7 15.
a3 Bc5 16. Qd2 f5 17. Rfd1 f4 18. Bxf4 Ne5 19. Nd5 Ng6 20. Bg5 Qd7 21. b4 axb4
22. axb4 Bf2 23. Rf1 Bh4 24. Bxh4 Nxh4 25. Nb6 Qc7 26. Nxc8 Rxc8 27. Bd3 1-0

[Event "Mistrzostwa Polski Mlodzikow do lat 10 - Chlopcy"]
[Site "Karpacz"]
[Date "1899-12-30"]
[Round "8.18"]
[White "Kubaszewski, Piotr"]
[Black "Warchol, Kamil"]
[Result "1-0"]
[WhiteTitle "II"]
[BlackTitle "II"]
[WhiteElo "1180"]
[BlackElo "1178"]

1. e4 e5 2. Nf3 Nc6 3. d4 exd4 4. Nxd4 Bc5 5. Be3 Qf6 6. c3 Nge7 7. Bc4 Ne5 8.
Bb3 d6 9. h3 O-O 10. O-O Qg6 11. Kh1 Bd7 12. Nd2 Kh8 13. Qe2 Rae8 14. f4 N5c6
15. Nxc6 Bxc6 16. Bxc5 dxc5 17. Bc2 Bd7 18. Qf2 b6 19. Nf3 Qc6 20. Ne5 Qe6 21.
Bb3 Qd6 22. Rad1 Qh6 23. Nxd7 Kg8 24. Nxf8 Kxf8 25. Qd2 Qf6 26. e5 Qc6 27. Qd7
Qxd7 28. Rxd7 Rc8 29. Rfd1 Ke8 30. e6 fxe6 31. Bxe6 a6 32. Rxe7+ Kxe7 33. Bxc8
a5 34. Kg1 c6 35. Bd7 b5 36. Bxc6 b4 37. cxb4 axb4 38. b3 Ke6 39. Kf2 g6 40. g4
h6 41. g5 hxg5 42. fxg5 Kf5 43. h4 Ke6 44. Ke3 Ke5 45. Rd5+ Ke6 46. Ke4 c4 47.
bxc4 b3 48. axb3 Ke7 49. b4 Ke6 50. b5 Ke7 51. b6 Kf7 52. b7 Ke7 53. b8=Q Kf7
54. Qc7+ Kf8 55. Rd8# 1-0

[Event "Mistrzostwa Polski Mlodzikow do lat 10 - Chlopcy"]
[Site "Karpacz"]
[Date "1899-12-30"]
[Round "8.19"]
[White "Skrzypinski, Jan"]
[Black "Pancewicz, Szymon"]
[Result "1/2-1/2"]
[WhiteTitle "II"]
[BlackTitle "II"]
[WhiteElo "1088"]
[BlackElo "1421"]

1. e4 c6 2. d4 d5 3. Nc3 dxe4 4. Nxe4 Bf5 5. Ng3 Bg6 6. h4 h6 7. Nf3 Nd7 8. h5
Bh7 9. Bd3 Bxd3 10. Qxd3 Ngf6 11. Bf4 e6 12. O-O-O Qa5 13. Kb1 O-O-O 14. Qb3 Nd5
15. Bd2 Qc7 16. Rhe1 Nf4 17. Bxf4 Qxf4 18. Re4 Qc7 19. a3 Bd6 20. Ne2 Be7 21.
c4 Nf6 22. Rh4 Rd7 23. Ne5 Rxd4 24. Rhxd4 Qxe5 25. Ng3 Bc5 26. f4 Qc7 27. R4d3
Qxf4 28. Rf3 Qe5 29. Rfd3 Re8 30. Qa4 Bf2 31. Nh1 Bb6 32. b4 a6 33. c5 Bc7 34.
g4 Nd5 35. Qb3 Qe4 36. Nf2 Qe2 37. R1d2 Qe1+ 38. Nd1 Qe4 39. Qc2 Qxg4 40. Nc3
Qxh5 41. Nxd5 exd5 42. Rf2 Re1+ 43. Ka2 Qe5 44. Qb2 Qxb2+ 45. Kxb2 Re7 46. Rdf3
f6 47. Rg2 Kd7 48. Rf1 Ke8 49. Rfg1 Kf8 50. Kc2 g5 51. Rf2 Be5 52. Rh1 Rh7 53.
Rf5 Kg7 54. Re1 Kg6 55. Rff1 h5 56. Kd2 h4 57. Ke2 h3 58. Kf2 h2 59. Kg2 g4 60.
Kh1 g3 61. a4 Kg5 62. Rb1 Kh4 63. Rfd1 Rg7 64. Rd2 d4 65. Rg2 d3 66. Rd1 Rd7 67.
Rgd2 Rg7 68. Rg2 Kh3 69. Rgd2 Rd7 1/2-1/2

[Event "Mistrzostwa Polski Mlodzikow do lat 10 - Chlopcy"]
[Site "Karpacz"]
[Date "1899-12-30"]
[Round "8.20"]
[White "Wielgus, Wojciech"]
[Black "Rog, Bartlomiej"]
[Result "1-0"]
[WhiteTitle "II"]
[BlackTitle "III"]
[WhiteElo "1440"]
[BlackElo "1167"]

1. e4 Nf6 2. e5 Nd5 3. c4 Nb6 4. d4 d6 5. exd6 cxd6 6. Nc3 g6 7. Be2 Bg7 8. Nf3
Bg4 9. O-O Nc6 10. d5 Bxf3 11. Bxf3 Ne5 12. Be2 Nexc4 13. Bxc4 Qc7 14. Bb5+ Nd7
15. Bxd7+ Qxd7 16. Qf3 O-O 17. Re1 Rac8 18. Bg5 f6 19. Bd2 Rc7 20. Qe3 Kh8 21.
Qe6 Qxe6 22. Rxe6 f5 23. Re2 Rfc8 24. Rae1 Bf6 25. g3 a6 26. Nd1 Rc2 27. Bc3 Rc1
28. Bxf6+ exf6 29. Nc3 Rxe1+ 30. Rxe1 b5 31. a3 Rc7 32. Re6 Kg7 33. Rxd6 Kf7 34.
Rxa6 Rb7 35. b4 Ke7 36. Ra5 Kd6 37. Rxb5 Rxb5 38. Nxb5+ Kxd5 39. a4 Kc6 40. Nd4+
Kb6 41. Kg2 Ka6 42. a5 Kb7 43. b5 Ka7 44. Nc6+ Kb7 45. a6+ Kb6 46. a7 Kb7 47.
b6 Ka8 48. Ne7 Kb7 49. Nd5 Ka8 50. Nc7+ 1-0

[Event "Mistrzostwa Polski Mlodzikow do lat 10 - Chlopcy"]
[Site "Karpacz"]
[Date "1899-12-30"]
[Round "8.21"]
[White "Zieba, Hubert"]
[Black "Iwaszkiewicz, Grzegorz"]
[Result "1-0"]
[WhiteTitle "II"]
[BlackTitle "II"]
[WhiteElo "1171"]
[BlackElo "1330"]

1. c4 e5 2. Nc3 Nf6 3. g3 c6 4. Bg2 d5 5. cxd5 cxd5 6. d3 h6 7. Nf3 Nc6 8. Nd2
Bc5 9. O-O O-O 10. a3 a6 11. b4 Bd4 12. Bb2 Be6 13. Nb3 Bxc3 14. Bxc3 d4 15. Bd2
Nd7 16. f4 f6 17. Rc1 Rc8 18. Nc5 Nxc5 19. Rxc5 Qd6 20. Rc1 Bd5 21. Bxd5+ Qxd5
22. Qc2 Qe6 23. Qc4 Qxc4 24. Rxc4 Rfe8 25. Kf2 Kf7 26. Rfc1 Na7 27. Rc7+ Rxc7
28. Rxc7+ Re7 29. Rc1 Nb5 30. a4 Nc7 31. Rc5 Ne6 32. Rc1 Rc7 33. f5 Rxc1 34. fxe6+
Kxe6 35. Bxc1 f5 36. h4 h5 37. e3 Kd5 38. Ke2 b5 39. a5 g6 40. Bb2 e4 41. Bxd4
Kc6 42. Kd2 Kd5 43. Bg7 Ke6 44. dxe4 fxe4 45. Kc3 Kf5 46. Kd4 Kg4 47. Be5 g5 48.
hxg5 h4 49. gxh4 Kh5 50. Kxe4 Kg6 51. Kf4 Kf7 52. h5 Kf8 53. h6 Kf7 54. h7 Kg6
55. h8=Q Kf7 1-0

[Event "Mistrzostwa Polski Mlodzikow do lat 10 - Chlopcy"]
[Site "Karpacz"]
[Date "1899-12-30"]
[Round "8.22"]
[White "Turowski, Maciej"]
[Black "Wydmanski, Szymon"]
[Result "1-0"]
[WhiteTitle "III"]
[BlackTitle "II"]
[WhiteElo "1259"]
[BlackElo "1181"]

1. e4 c5 2. Nf3 a6 3. d4 cxd4 4. Nxd4 Nf6 5. Bd3 e5 6. Nf3 d5 7. exd5 e4 8. Qe2
Qe7 9. O-O exf3 10. Qxf3 Qd6 11. c4 Be7 12. Re1 O-O 13. b3 Bg4 14. Qe3 Re8 15.
Ba3 Qd7 16. Bxe7 b6 17. Nc3 Ra7 18. d6 Nc6 19. Qxb6 Nxe7 20. Rxe7 Rxe7 21. dxe7
Qxe7 22. Nd5 Nxd5 23. Qb8+ Qf8 24. Bxh7+ 1-0

[Event "Mistrzostwa Polski Mlodzikow do lat 10 - Chlopcy"]
[Site "Karpacz"]
[Date "1899-12-30"]
[Round "8.23"]
[White "Musial, Igor"]
[Black "Jaworski, Tymon"]
[Result "1-0"]
[WhiteTitle "II"]
[BlackTitle "II"]
[WhiteElo "1258"]
[BlackElo "1166"]

1. e4 e5 2. Nf3 Nc6 3. Bb5 Bc5 4. O-O Nf6 5. d3 O-O 6. Bxc6 bxc6 7. Nxe5 Ba6 8.
Bg5 Bd4 9. Bxf6 gxf6 10. Ng4 Bxb2 11. Nd2 Bxa1 12. Qxa1 Kg7 13. f4 h5 14. Qd1
Rh8 15. Ne3 Kf8 16. Qf3 Bb7 17. Nb3 Qe7 18. Nf5 Qb4 19. Qg3 Rh7 20. Qh4 Qb6+ 21.
d4 d6 22. Qxf6 Re8 23. Rf3 Bc8 24. Nh6 Bg4 25. Nxg4 hxg4 26. Rg3 Rg7 27. Qf5 Qb4
28. Re3 Qc4 29. c3 Qa4 30. Qa5 Qxa5 31. Nxa5 d5 32. e5 Re6 33. f5 Rh6 34. Re2
g3 35. h3 Rh4 36. Rb2 Re4 37. Rb1 Re2 38. f6 Kg8 39. fxg7 Kxg7 40. Nxc6 Rxa2 41.
Nb4 Ra5 42. Kf1 1-0

[Event "Mistrzostwa Polski Mlodzikow do lat 10 - Chlopcy"]
[Site "Karpacz"]
[Date "1899-12-30"]
[Round "8.24"]
[White "Bartoszczuk, Adam"]
[Black "Raclawicki, Tymoteusz"]
[Result "1-0"]
[WhiteTitle "III"]
[BlackTitle "III"]
[WhiteElo "1142"]
[BlackElo "1229"]

1. e4 c5 2. Nf3 d6 3. c3 Nf6 4. h3 Nc6 5. d4 Nxe4 6. d5 Bd7 7. dxc6 Bxc6 8. Bd3
Qd7 9. O-O g6 10. Re1 Nf6 11. Bd2 Bg7 12. Qc1 O-O 13. Be2 b5 14. Bh6 a5 15. Bxg7
Kxg7 16. h4 Qg4 17. Qg5 Qe4 18. Bxb5 Qd5 19. Qxd5 Bxd5 20. Rxe7 Bxf3 21. gxf3
Rfb8 22. Na3 Rb6 23. Rae1 Rab8 24. c4 Ra8 25. Rc7 Ng8 26. Nc2 d5 27. b3 dxc4 28.
Bxc4 Rf6 29. Kg2 Rf5 30. Ne3 Re5 31. Rxf7+ Kh6 32. Ng4+ Kh5 33. Rxh7+ Nh6 34.
Rxh6# 1-0

[Event "Mistrzostwa Polski Mlodzikow do lat 10 - Chlopcy"]
[Site "Karpacz"]
[Date "1899-12-30"]
[Round "8.25"]
[White "Kozera, Dawid"]
[Black "Klisowski, Bartosz"]
[Result "1/2-1/2"]
[WhiteTitle "II"]
[BlackTitle "II"]
[WhiteElo "1221"]
[BlackElo "1166"]

1. e4 c5 2. Nf3 d6 3. d4 cxd4 4. Nxd4 Nf6 5. Nc3 g6 6. Be3 Ng4 7. Bb5+ Nc6 8. Nxc6
bxc6 9. Bxc6+ Bd7 10. Bxa8 Nxe3 11. fxe3 Qxa8 12. O-O Bg7 13. Qd5 Qxd5 14. exd5
O-O 15. Rf4 Bh6 16. Rf3 Rc8 17. e4 Bg7 18. h3 Rb8 19. Rb1 f5 20. b3 Rc8 21. Nd1
fxe4 22. Rf4 Rxc2 23. Rxe4 Kf7 24. Ne3 Rxa2 25. Rf1+ Ke8 26. Rb4 Bf6 27. Ng4 Bxg4
28. hxg4 h6 29. Rb8+ Kf7 30. Kh1 Kg7 31. Rd1 Ra3 32. Rb7 Kf7 33. Re1 a5 34. Rb1
Bd4 35. Rf1+ Bf6 36. Rb1 Bd4 37. Re1 Be5 38. Rc1 Bf6 39. Rb1 Be5 40. Rf1+ Bf6
41. b4 axb4 42. Rxb4 1/2-1/2

[Event "Mistrzostwa Polski Mlodzikow do lat 10 - Chlopcy"]
[Site "Karpacz"]
[Date "1899-12-30"]
[Round "8.26"]
[White "Podlewski, Szymon"]
[Black "Leski, Franciszek"]
[Result "1-0"]
[WhiteTitle "II"]
[BlackTitle "III"]
[WhiteElo "1243"]
[BlackElo "1071"]

1. e4 e5 2. Nf3 Nc6 3. d4 exd4 4. Bc4 Bb4+ 5. Bd2 Bxd2+ 6. Nbxd2 Nge7 7. Ng5 d5
8. exd5 Ne5 9. Bb3 Nxd5 10. Ngf3 Nxf3+ 11. Qxf3 c6 12. Bxd5 Qxd5 13. Qxd5 cxd5
14. Nb3 O-O 15. O-O-O Be6 16. Rhe1 Rac8 17. Nxd4 Rfe8 18. Nb5 Rc5 19. Nc3 Rec8
20. Rd2 b5 21. Ne2 d4 22. Nxd4 Bxa2 23. b3 Rc3 24. Kb2 Bxb3 25. Nxb3 R3c7 26.
Re5 Rb7 27. Red5 Rbb8 28. Nd4 a6 29. Nc6 Ra8 30. Ne7+ Kf8 31. Nxc8 Rxc8 32. Rd8+
Rc7 33. R8d5 1-0

[Event "Mistrzostwa Polski Mlodzikow do lat 10 - Chlopcy"]
[Site "Karpacz"]
[Date "1899-12-30"]
[Round "8.27"]
[White "Pawlowski, Kamil"]
[Black "Wierzbicki, Dawid"]
[Result "0-1"]
[WhiteTitle "III"]
[BlackTitle "II"]
[WhiteElo "1060"]
[BlackElo "1441"]

1. e4 d6 2. d4 Nf6 3. Nc3 c6 4. Nf3 Bg4 5. h3 Bh5 6. Be3 e6 7. Bd3 d5 8. e5 Nfd7
9. O-O c5 10. Re1 a6 11. Ne2 Bxf3 12. gxf3 c4 13. Rc1 cxd3 14. cxd3 Bb4 15. Rf1
Nc6 16. Qb3 Rb8 17. Kh2 h5 18. Rg1 Rg8 19. Bh6 g5 20. h4 g4 21. Bg5 Be7 22. Bxe7
Qxe7 23. Kg3 Qb4 24. Qxb4 Nxb4 25. a3 Nxd3 26. Rc2 gxf3+ 27. Kxf3 Rxg1 28. Nxg1
Ne1+ 29. Ke2 Nxc2 30. Kd3 Ne1+ 31. Ke2 Ng2 32. Nf3 Rc8 33. Kf1 Nf4 34. Ke1 Nb6
35. Kd2 Nc4+ 36. Kc2 Nxe5+ 37. Kd2 Nxf3+ 38. Ke3 Nxd4 39. Kxf4 Rc2 40. Kg5 Rxf2
41. Kxh5 Nf5 42. Kg5 Rg2+ 43. Kf6 Rg6+ 44. Ke5 Ke7 45. h5 Rg4 46. h6 f6# 0-1

[Event "Mistrzostwa Polski Mlodzikow do lat 10 - Chlopcy"]
[Site "Karpacz"]
[Date "1899-12-30"]
[Round "8.28"]
[White "Labedzki, Kamil"]
[Black "Maciejek, Marcel"]
[Result "1-0"]
[WhiteTitle "II"]
[BlackTitle "II"]
[WhiteElo "1131"]
[BlackElo "1104"]

1. e4 c5 2. Nc3 e6 3. g3 d5 4. exd5 exd5 5. Bg2 Nf6 6. d3 d4 7. Ne4 Nxe4 8. dxe4
Nd7 9. Ne2 Bd6 10. c3 Qb6 11. O-O O-O 12. cxd4 cxd4 13. Qxd4 Qxd4 14. Nxd4 Bc5
15. Be3 Ne5 16. Nf5 Bxe3 17. Nxe3 Nc6 18. Rad1 Be6 19. b3 Rac8 20. f4 Rfe8 21.
f5 Bxf5 22. Nxf5 g6 23. Nd6 Nb4 24. Nxe8 Nc2 25. Nd6 Rc6 26. e5 Ne3 27. Bxc6 bxc6
28. Nxf7 Nxd1 29. Rxd1 Kxf7 30. Rd7+ 1-0

[Event "Mistrzostwa Polski Mlodzikow do lat 10 - Chlopcy"]
[Site "Karpacz"]
[Date "1899-12-30"]
[Round "8.29"]
[White "Borowik, Karol"]
[Black "Janeczko, Jakub"]
[Result "1-0"]
[WhiteTitle "III"]
[BlackTitle "II"]
[WhiteElo "1016"]
[BlackElo "1128"]

1. d4 d5 2. c4 e6 3. Nc3 Nf6 4. Bg5 Be7 5. e3 h6 6. Bh4 O-O 7. Nf3 b6 8. cxd5 Nxd5
9. Bxe7 Nxe7 10. Qc2 Bb7 11. Bd3 Nd7 12. Qe2 c5 13. O-O Bc6 14. dxc5 Nxc5 15.
Bc4 Rc8 16. Rfd1 Nd7 17. Bb3 Bxf3 18. Qxf3 Ng6 19. Qe2 Qe7 20. h3 Nde5 21. Rd2
Nh4 22. f4 Neg6 23. Rad1 Rfd8 24. Rxd8+ Rxd8 25. Rxd8+ Qxd8 26. Qd1 Qxd1+ 27.
Bxd1 Nf5 28. Kf2 Nge7 29. Bc2 Nd6 30. b3 Nc6 31. a3 Kf8 32. Ke2 Ke7 33. Kd3 Kd7
34. b4 a6 35. g4 e5 36. f5 b5 37. h4 Nc4 38. Nb1 f6 39. Bb3 Nd6 40. Be6+ Ke7 41.
Nc3 g6 42. Nd5+ Kf8 43. Nxf6 Kg7 44. Nd5 Nc4 45. Nc7 Nb8 46. Bxc4 bxc4+ 47. Kxc4
gxf5 48. gxf5 Kf6 49. e4 Kf7 50. Kd5 Kf6 51. a4 Nd7 52. a5 Ke7 53. Nxa6 Nf6+ 54.
Kc6 Nxe4 55. Nc5 1-0

[Event "Mistrzostwa Polski Mlodzikow do lat 10 - Chlopcy"]
[Site "Karpacz"]
[Date "1899-12-30"]
[Round "8.30"]
[White "Bartodziej, Bartosz"]
[Black "Karp, Kacper"]
[Result "1-0"]
[WhiteTitle "II"]
[BlackTitle "II"]
[WhiteElo "1263"]
[BlackElo "1078"]

1. d4 Nf6 2. c4 g6 3. Nf3 Bg7 4. Nc3 d6 5. h3 O-O 6. Bf4 Nbd7 7. e3 b6 8. Be2 Bb7
9. Qc2 Re8 10. Rd1 Nh5 11. Bh2 Qc8 12. O-O e5 13. dxe5 dxe5 14. b4 f5 15. Rd2
Ndf6 16. Rfd1 h6 17. Qb3 Kh7 18. Nxe5 Ne4 19. Nxe4 Bxe4 20. Bxh5 gxh5 21. Rd7
Kh8 22. Nf7+ Kh7 23. Rxc7 Qe6 24. Rd6 Bc2 25. Qxc2 Qe4 26. Qxe4 Rxe4 27. Nxh6
Rae8 28. Nxf5 Rg8 29. Rh6# Rh8 30. Re6 1-0

[Event "Mistrzostwa Polski Mlodzikow do lat 10 - Chlopcy"]
[Site "Karpacz"]
[Date "1899-12-30"]
[Round "8.32"]
[White "Jurewicz, Igor"]
[Black "Stanik, Szymon"]
[Result "0-1"]
[WhiteTitle "III"]
[BlackTitle "II"]
[WhiteElo "1104"]
[BlackElo "1053"]

1. c4 c5 2. Nf3 d6 3. d4 Nc6 4. e4 Bg4 5. Be3 Qb6 6. d5 Ne5 7. b3 g6 8. Nbd2 Bg7
9. Rb1 Nf6 10. b4 Qc7 11. h3 Bxf3 12. Nxf3 Nxe4 13. Rb3 cxb4 14. Rxb4 Qa5 15.
Bd2 Qc5 16. Qa4+ Kf8 17. Be3 Nxf3+ 18. gxf3 Bc3+ 19. Ke2 Bxb4 20. Bxc5 Nc3+ 21.
Kd3 Nxa4 22. Bxb4 a5 23. Ba3 Rb8 24. Bc1 b5 25. Bh6+ Ke8 26. Kd4 b4 27. Bd3 Kd7
28. Bc2 Nc5 29. Rb1 a4 30. f4 b3 31. axb3 axb3 32. Bd1 e6 33. dxe6+ fxe6 34. Ke3
Rb4 35. Be2 Na4 36. Kd3 Nc5+ 37. Ke3 Ra8 38. Bg7 Ra3 39. Kd2 Ne4+ 40. Ke3 d5 41.
cxd5 exd5 42. Bg4+ Ke7 43. f3 b2+ 44. Ke2 Nc3+ 45. Bxc3 Rxc3 46. Kd2 d4 47. f5
h5 48. f6+ Kxf6 49. Bd7 Ke7 50. Ba4 Rxa4 51. Rxb2 Rxf3 52. h4 Rf2+ 53. Kc1 Ra1+
54. Rb1 Rf1+ 55. Kd2 Raxb1 56. Kd3 Rf3+ 57. Kxd4 Kd6 58. Ke4 Rbb3 59. Kd4 Rf4#
0-1

[Event "Mistrzostwa Polski Mlodzikow do lat 10 - Chlopcy"]
[Site "Karpacz"]
[Date "1899-12-30"]
[Round "8.33"]
[White "Sokolowski, Hubert"]
[Black "Sowinski, Pawel"]
[Result "1-0"]
[WhiteTitle "III"]
[BlackTitle "III"]
[WhiteElo "1057"]
[BlackElo "1192"]

1. e4 c5 2. Nf3 Nc6 3. c4 d6 4. Nc3 e6 5. d4 cxd4 6. Nxd4 g6 7. Be2 Bg7 8. Be3
a6 9. O-O Nge7 10. f3 O-O 11. Rc1 f5 12. Qd2 Qc7 13. Nd5 exd5 14. cxd5 Bxd4 15.
Bxd4 Qa5 16. Bc3 Qb6+ 17. Kh1 Nd8 18. Bd4 1-0

[Event "Mistrzostwa Polski Mlodzikow do lat 10 - Chlopcy"]
[Site "Karpacz"]
[Date "1899-12-30"]
[Round "9.1"]
[White "Dziewonski, Dariusz"]
[Black "Madej, Marek"]
[Result "0-1"]
[WhiteTitle "II+"]
[BlackTitle "II+"]
[WhiteElo "1476"]
[BlackElo "1541"]

1. e4 e5 2. Nf3 Nc6 3. Bb5 a6 4. Bxc6 dxc6 5. O-O Qf6 6. d4 exd4 7. Qxd4 Qxd4 8.
Nxd4 Bd7 9. Nc3 O-O-O 10. Be3 c5 11. Nde2 Bc6 12. Rad1 Bd6 13. Rd2 Nf6 14. f3
Rhe8 15. Rfd1 Nd7 16. Ng3 Bxg3 17. hxg3 h6 18. g4 b6 19. Bf4 Nf6 20. Rxd8+ Rxd8
21. Rxd8+ Kxd8 22. g5 hxg5 23. Bxg5 Kd7 24. Kf2 b5 25. Ne2 Ne8 26. Ng3 f6 27.
Be3 c4 28. Bd2 Bb7 29. Bc3 c5 30. a3 Kc6 31. Nf5 Kb6 32. e5 a5 33. Nxg7 Nxg7 34.
exf6 Ne6 35. f7 b4 36. Bg7 c3 37. axb4 cxb2 38. bxa5+ Kc6 39. Bxb2 Kd6 40. Ba3
Nf8 41. Ke3 Bd5 42. g4 Bxf7 43. f4 Ne6 44. f5 Nd4 45. c3 Nc2+ 46. Kf4 Nxa3 47.
g5 Nb5 48. a6 Nxc3 49. a7 Bd5 50. g6 Nb5 51. f6 Nxa7 52. f7 Ke7 53. Ke5 Ba2 54.
Ke4 Nc6 55. g7 Kxf7 56. g8=Q+ Kxg8 57. Kd3 c4+ 58. Kc3 Kf7 59. Kc2 Ke6 60. Kc1
Kd5 61. Kb2 Bb3 62. Kc1 Kd4 63. Kb2 c3+ 64. Kb1 c2+ 65. Kb2 Kd3 66. Kc1 Ba2 67.
Kb2 Kd2 68. Kxa2 c1=Q 69. Kb3 Qc3+ 70. Ka2 Nb4+ 71. Kb1 Qb3+ 72. Ka1 Nc2# 0-1

[Event "Mistrzostwa Polski Mlodzikow do lat 10 - Chlopcy"]
[Site "Karpacz"]
[Date "1899-12-30"]
[Round "9.2"]
[White "Paszkowski, Krystian"]
[Black "Fiszer, Bartosz"]
[Result "0-1"]
[WhiteTitle "II"]
[BlackTitle "CM"]
[WhiteElo "1365"]
[BlackElo "1651"]

1. d4 Nf6 2. c4 g6 3. Nf3 Bg7 4. Nc3 d6 5. g3 O-O 6. Bg2 Nc6 7. O-O Bg4 8. h3 Bxf3
9. Bxf3 Nd7 10. e3 e5 11. d5 Ne7 12. e4 a5 13. Bg2 f5 14. f4 exf4 15. Bxf4 Nc5
16. Qc2 fxe4 17. Nxe4 Nf5 18. Nxc5 Bd4+ 19. Kh2 Bxc5 20. Qd3 Qd7 21. Be4 Rae8
22. Rae1 Ng7 23. Be3 Bb4 24. Bd2 Rxf1 25. Bxb4 Rxe1 26. Bxe1 Qe7 27. Bxg6 hxg6
28. Bc3 Qe2+ 0-1

[Event "Mistrzostwa Polski Mlodzikow do lat 10 - Chlopcy"]
[Site "Karpacz"]
[Date "1899-12-30"]
[Round "9.3"]
[White "Klimkowski, Jan"]
[Black "Demski, Michal"]
[Result "1/2-1/2"]
[WhiteTitle "II"]
[BlackTitle "II"]
[WhiteElo "1492"]
[BlackElo "1305"]

1. e4 e5 2. Nf3 Nc6 3. Bb5 a6 4. Ba4 Nf6 5. d4 Be7 6. O-O b5 7. Bb3 d6 8. dxe5
dxe5 9. Qxd8+ Bxd8 10. Nc3 Bg4 11. Ng5 O-O 12. f3 Bd7 13. Nd5 Nd4 14. Nh3 Bxh3
15. gxh3 Nxb3 16. Nxf6+ Bxf6 17. axb3 Be7 18. Be3 f5 19. Kg2 fxe4 20. fxe4 Rxf1
21. Rxf1 Rf8 22. Rd1 Rd8 23. Rxd8+ Bxd8 24. Bc5 Kf7 25. Kf3 Bg5 26. Be3 Bxe3 27.
Kxe3 Kg6 28. Kf3 Kh5 29. Kg3 g5 30. b4 c6 31. b3 Kg6 32. h4 h5 33. h3 gxh4+ 34.
Kxh4 Kh6 35. Kg3 Kg5 36. h4+ Kf6 37. Kf3 Ke6 38. Ke3 Kd6 39. Kd3 c5 40. c3 cxb4
41. cxb4 Kc6 42. Kc3 Kb6 43. Kb2 a5 44. Ka3 axb4+ 45. Kxb4 Kc6 46. Kc3 Kd5 47.
Kd4+ 1/2-1/2

[Event "Mistrzostwa Polski Mlodzikow do lat 10 - Chlopcy"]
[Site "Karpacz"]
[Date "1899-12-30"]
[Round "9.4"]
[White "Doskocz, Karol"]
[Black "Meers, Hubert"]
[Result "1/2-1/2"]
[WhiteTitle "II"]
[BlackTitle "I"]
[WhiteElo "1311"]
[BlackElo "1555"]

1. d4 Nf6 2. c4 e6 3. Nf3 d5 4. e3 c6 5. Bd2 Ne4 6. Nc3 f5 7. Nxe4 fxe4 8. Ne5
Qf6 9. Be2 Bd6 10. f4 O-O 11. O-O b6 12. b4 c5 13. bxc5 bxc5 14. Qa4 Qe7 15. Rab1
Qc7 16. Ba5 Qe7 17. Bd2 Bd7 18. Nxd7 Qxd7 19. Qxd7 Nxd7 20. Bg4 Rf6 21. cxd5 Nf8
22. dxe6 cxd4 23. exd4 Nxe6 24. Bxe6+ Rxe6 25. Be3 Bc7 26. Rb5 Ra6 27. Ra1 Ra3
28. Rb3 Ra4 29. a3 Rf8 30. g3 Rd8 31. Rb4 Ra5 32. a4 Bb6 33. Rc4 Rad5 34. Rd1
Kf7 35. Kf2 Kf6 36. g4 g6 37. Kg3 Kf7 38. g5 Ke6 39. Kg4 Kf7 40. h4 Kg7 41. h5
Kf7 42. h6 1/2-1/2